| 000 | 00525nam a22001697a 4500 | ||
|---|---|---|---|
| 005 | 20251108171945.0 | ||
| 008 | 250721s1988 xx 000 0 ara d | ||
| 082 | 1 | 4 | _a150.1952/عبد |
| 100 | 1 | _aالحفني، عبد المنعم | |
| 245 | 1 | 0 | _aالتحليل النفسي للأحلام / |
| 264 | 1 |
_aالقاهرة : _bالدار الفنية للنشر و التوزيع، _c1988. |
|
| 300 | _a270ص | ||
| 650 | 1 | 7 | _aعلم النفس |
| 650 | 1 | 7 | _aالتحليل النفسي |
| 942 |
_2ddc _cBK |
||
| 999 |
_c66865 _d66865 |
||